| 000 | 00664nam a2200217 a 4500 | ||
|---|---|---|---|
| 005 | 20160108054034.0 | ||
| 008 | 160108b xxu||||| |||| 00| 0 spa d | ||
| 040 |
_aCO-BoIAVH _cCO-BoIAVH |
||
| 041 | _aspa | ||
| 044 | _ack | ||
| 090 |
_aEA _b00006 |
||
| 110 | 1 | _bCorporación Autónoma Reginal de Boyacá | |
| 245 | 1 | 0 | _aCartilla verde para la educación ambiental |
| 260 |
_aTunja: _bCORPOBOYACA, _c[199?] |
||
| 300 | _a12 páginas. | ||
| 650 | 1 |
_aEducación ambiental _vcartilla |
|
| 650 | 1 |
_aEducación ambiental _xpáramos |
|
| 650 | 1 |
_aEducación ambiental _xRecursos hídricos |
|
| 942 |
_cFolleto _2z |
||
| 945 | _d2005-05-16 | ||
| 999 |
_c4445 _d4445 |
||